[Event "Women's Speed Chess Q5"]
[Site "chess.com INT"]
[Date "2021.06.04"]
[Round "6"]
[White "Tarasova, Viktoriya"]
[Black "Tokhirjonova, Gulrukhbegim"]
[Result "1-0"]
[WhiteTitle "WIM"]
[BlackTitle "WGM"]
[WhiteElo "2226"]
[BlackElo "2344"]
[WhiteFideId "4175840"]
[BlackFideId "14203626"]
[EventDate "2021.06.04"]

1. d4 Nf6 2. c4 e6 3. Nc3 Bb4 4. Nf3 O-O 5. Bg5 h6 6. Bh4 d5 7. cxd5 exd5 8. Qc2
c6 9. e3 Re8 10. Bd3 Nbd7 11. O-O Nf8 12. Ne5 Be7 13. h3 Be6 14. f4 Nh5 15. Bf2
Bh4 16. Kh2 Bxf2 17. Qxf2 a6 18. g4 Nf6 19. g5 N6d7 20. gxh6 Nxe5 21. dxe5 g6
22. Ne2 Qd7 23. Qh4 Nh7 24. Nd4 c5 25. Nxe6 Qxe6 26. Rg1 Kh8 27. Rg3 Rad8 28.
Rag1 Rg8 29. Qg4 Nf8 30. Qf3 c4 31. Bb1 d4 32. exd4 Rxd4 33. Qe3 Qd5 34. R3g2
Ne6 35. f5 Nf4 36. Rf2 Nd3 37. fxg6 fxg6 38. Bxd3 Rxd3 39. Qg5 Qe6 40. Rg3 Rxg3
41. Qxg3 Re8 42. Re2 Kh7 43. Qf4 Qe7 44. Qe4 b5 45. Kh1 Rf8 46. Rg2 Rf5 47. Qg4
Qe6 48. Qd4 Qxe5 49. Qd7+ Kxh6 50. Qd2+ Rg5 51. h4 Kh7 52. Qxg5 Qe1+ 53. Kh2 Qe6
54. Qg3 Qf5 55. Qg4 Qe5+ 56. Qg3 Qf5 57. Qc7+ Kh6 58. Qd6 Qe4 59. Qd2+ Kh7 60.
Qg5 Qd4 61. h5 1-0

[Event "Women's Speed Chess Q5"]
[Site "chess.com INT"]
[Date "2021.06.04"]
[Round "6"]
[White "Perez Rodriguez, Jennifer"]
[Black "Morris-Suzuki, Sophie"]
[Result "1-0"]
[WhiteTitle "WIM"]
[BlackTitle "WFM"]
[WhiteElo "2251"]
[BlackElo "2043"]
[WhiteFideId "3507831"]
[BlackFideId "30922615"]
[EventDate "2021.06.04"]

1. e4 c5 2. c3 Nf6 3. e5 Nd5 4. Nf3 e6 5. d4 cxd4 6. cxd4 d6 7. a3 b6 8. Bd3 Bb7
9. O-O Nd7 10. Re1 dxe5 11. dxe5 Be7 12. Be4 Nc5 13. Bc2 O-O 14. Nbd2 Nf4 15.
Ne4 Qxd1 16. Bxd1 Nfd3 17. Nxc5 Bxc5 18. Rf1 Rfd8 19. Be2 Nxc1 20. Raxc1 a5 21.
Bb5 Bxf3 22. gxf3 Rd2 23. Rb1 Rad8 24. b4 axb4 25. axb4 Bd4 26. f4 g5 27. fxg5
Bxe5 28. Kg2 Kg7 29. Rb3 Kg6 30. h4 Kh5 31. Rh3 Rb2 32. Bc6 Rdd2 33. Bf3+ Kg6
34. Be4+ Kg7 35. h5 h6 36. gxh6+ Kxh6 37. Rf3 Rxb4 38. Bc6 Rg4+ 39. Kh3 Rg7 40.
Be8 f5 41. Bg6 b5 42. Re3 Rd5 43. Rfe1 Bd4 44. Rxe6 Bxf2 45. Bxf5+ Kg5 46. Bg6
Bxe1 47. Rxe1 Kh6 48. Re6 Rd4 49. Rb6 b4 50. Bf7+ Kg5 51. Bg6 Rg8 52. Rb5+ Kf6
53. Rb6+ Ke5 54. Rb5+ Kf4 55. Kg2 Ke3 56. Rf5 Kd2 57. Rb5 Kc3 58. Kf3 b3 59. Ke3
b2 60. Rxb2 1-0

[Event "Women's Speed Chess Q5"]
[Site "chess.com INT"]
[Date "2021.06.04"]
[Round "6"]
[White "Head, Louise"]
[Black "Balabayeva, Xeniya"]
[Result "1/2-1/2"]
[WhiteTitle "WFM"]
[BlackTitle "WFM"]
[WhiteElo "2090"]
[BlackElo "2116"]
[WhiteFideId "424773"]
[BlackFideId "13719688"]
[EventDate "2021.06.04"]

1. d4 d5 2. c4 e6 3. Nc3 Nf6 4. Bg5 Be7 5. e3 O-O 6. Qc2 a6 7. cxd5 exd5 8. Bd3
h6 9. Bh4 Be6 10. Nge2 Nc6 11. a3 Qd7 12. O-O Nh5 13. Bxe7 Nxe7 14. Rac1 Rac8
15. b4 Bf5 16. Bxf5 Nxf5 17. Qd1 Nf6 18. Nf4 Rfe8 19. Qb3 c6 20. a4 Qd6 21. b5
axb5 22. axb5 Nxd4 23. Qb1 Ne6 24. Nxe6 fxe6 25. h3 c5 26. Ne2 b6 27. Rfd1 Rcd8
28. Ng3 Qe7 29. Qg6 Qf7 30. Qc2 Ra8 31. Ne2 Nd7 32. Nf4 Ne5 33. Qe2 Nc4 34. Qg4
Nd6 35. Ng6 Qf5 36. Qg3 Ne4 37. Qg4 Qxg4 38. hxg4 Ra5 39. f3 Nd6 40. Rb1 Rxb5
41. Rxb5 Nxb5 42. Rb1 Na3 43. Rxb6 c4 44. Nf4 Rc8 45. Ra6 c3 46. Rxa3 c2 47. Nd3
c1=Q+ 48. Nxc1 Rxc1+ 49. Kh2 Kf7 50. Kg3 Kf6 51. Kf4 g5+ 52. Kg3 Rc2 53. f4
gxf4+ 54. exf4 Rd2 55. Kf3 Rc2 56. g3 Rc4 57. Ke3 Re4+ 58. Kf3 Rb4 59. Rd3 Re4
60. Ra3 Rc4 61. Rd3 Rb4 62. Ra3 Rc4 1/2-1/2

[Event "Women's Speed Chess Q5"]
[Site "chess.com INT"]
[Date "2021.06.04"]
[Round "6"]
[White "Dauletova, Gulmira"]
[Black "Antolak, Julia"]
[Result "1-0"]
[WhiteTitle "WGM"]
[BlackTitle "WIM"]
[WhiteElo "2257"]
[BlackElo "2309"]
[WhiteFideId "13702971"]
[BlackFideId "1159569"]
[EventDate "2021.06.04"]

1. e4 c5 2. Nf3 e6 3. d4 cxd4 4. Nxd4 Nf6 5. Nc3 d6 6. g4 h6 7. Be3 Nc6 8. Rg1
Be7 9. Be2 a6 10. h4 Nd7 11. g5 hxg5 12. hxg5 g6 13. Qd2 Qc7 14. f4 b5 15. Nxc6
Qxc6 16. Bf3 Bb7 17. O-O-O O-O-O 18. Ne2 Nb6 19. Nd4 Qc7 20. b3 d5 21. e5 Kb8
22. Qa5 Rc8 23. Rg2 Rh3 24. Nxb5 Qc6 25. Nd4 Qc5 26. Qxc5 Bxc5 27. Rf2 Nd7 28.
Kb2 a5 29. c3 Rch8 30. Re1 Ba6 31. Bg4 R3h4 32. Be2 Bb7 33. Bb5 Kc7 34. a3 Be7
35. b4 Rb8 36. Rc1 Nb6 37. Kb3 Rh3 38. Re2 Nc4 39. Bxc4 dxc4+ 40. Kb2 Bd5 41.
Ree1 Rbh8 42. Rc2 Rg3 43. Nb5+ Kd7 44. bxa5 Rb8 45. a4 Bc6 46. Bb6 Rd3 47. Ree2
Bxb5 48. axb5 Bd8 49. Bxd8 Rxb5+ 50. Ka3 Kxd8 51. Ka4 Rdd5 52. Red2 Rxa5+ 53.
Kb4 Kc7 54. Rxd5 Rxd5 55. Kxc4 Rd1 56. Kb5 Rf1 57. c4 Rxf4 58. Ra2 1-0

[Event "Women's Speed Chess Q5"]
[Site "chess.com INT"]
[Date "2021.06.04"]
[Round "6"]
[White "Nomin-Erdene, Davaademberel"]
[Black "Vantika, Agrawal"]
[Result "0-1"]
[WhiteTitle "IM"]
[BlackTitle "WIM"]
[WhiteElo "2382"]
[BlackElo "2286"]
[WhiteFideId "4900782"]
[BlackFideId "25050389"]
[EventDate "2021.06.04"]

1. f4 Nf6 2. Nf3 g6 3. g3 Bg7 4. Bg2 O-O 5. O-O d6 6. d3 Nc6 7. e4 e5 8. Nc3 Re8
9. h3 Rb8 10. g4 exf4 11. Bxf4 Be6 12. Qd2 d5 13. e5 Nd7 14. d4 Ne7 15. Bh6 b5
16. Ne2 c5 17. Bxg7 Kxg7 18. Nf4 Qb6 19. c3 h6 20. Rf2 Rf8 21. Raf1 b4 22. Kh1
a5 23. dxc5 Nxc5 24. Nd4 bxc3 25. bxc3 Rbc8 26. Nfxe6+ Nxe6 27. Rf6 Nc6 28.
Nxe6+ fxe6 29. Rxf8 Rxf8 30. Rxf8 Kxf8 31. Qxh6+ Ke7 32. Qg7+ Kd8 33. Qxg6 Qe3
34. Qf6+ Kd7 35. Qf7+ Kd8 36. Qxe6 Qc1+ 37. Kh2 Qf4+ 38. Kg1 Qe3+ 39. Kh1 Qc1+
40. Kh2 Qf4+ 41. Kg1 Qe3+ 42. Kf1 Qc1+ 43. Kf2 Qd2+ 44. Kg3 Qe3+ 45. Kh4 Qf2+
46. Kg5 Ne7 47. Qd6+ Ke8 48. Qb8+ Kf7 49. Bxd5+ Nxd5 50. Qb7+ Ke6 51. Qc6+ Kxe5
52. Qe8+ Kd6 53. Qd8+ Kc6 54. Qc8+ Nc7 55. Qf5 Qe3+ 56. Kh4 Qxc3 57. Qg6+ Kc5
58. g5 Qe1+ 59. Kh5 Nd5 60. Kh6 Nf4 61. Qf5+ Nd5 62. Qf8+ Kc4 63. g6 Qh4+ 64.
Kg7 Qxh3 65. Qf7 Kd4 0-1

[Event "Women's Speed Chess Q5"]
[Site "chess.com INT"]
[Date "2021.06.04"]
[Round "6"]
[White "Avramidou, Anastasia"]
[Black "Zhuravleva, Olga"]
[Result "1-0"]
[WhiteTitle "FM"]
[BlackTitle "WIM"]
[WhiteElo "2238"]
[BlackElo "2278"]
[WhiteFideId "4239873"]
[BlackFideId "4145933"]
[EventDate "2021.06.04"]

1. d4 g6 2. c4 Bg7 3. e4 d6 4. Nc3 Nc6 5. d5 Nd4 6. Bd3 e5 7. Nge2 Nxe2 8. Qxe2
Ne7 9. O-O O-O 10. Bg5 f6 11. Bh4 f5 12. exf5 gxf5 13. f3 a6 14. Rad1 Qe8 15. c5
Ng6 16. Bg3 Kh8 17. Bc4 dxc5 18. d6 cxd6 19. Rxd6 b5 20. Bd5 Ra7 21. Rd1 Qe7 22.
Bb3 Rd7 23. Rxd7 Bxd7 24. Nd5 Qg5 25. Bf2 Bc6 26. Be3 Qh5 27. Bxc5 Rd8 28. Ne7
Rxd1+ 29. Qxd1 Nxe7 30. Bxe7 Qe8 31. Qd6 Qd7 32. Qb8+ Qe8 33. Qxe8+ Bxe8 34. Be6
e4 35. Bxf5 exf3 36. b3 Bd4+ 37. Kf1 fxg2+ 38. Kxg2 Bc6+ 39. Kh3 Kg7 40. Bc8 a5
41. Bd8 a4 42. bxa4 bxa4 43. Be6 Bc5 44. Kg4 Kg6 45. Bf5+ Kg7 46. Be6 Be4 47.
Kf4 Bc2 48. h4 Bd6+ 49. Ke3 Kg6 50. Kd2 Be4 51. Ke3 Bc6 52. Kd4 Kh5 53. Bf7+ Kh6
54. Bg8 Kg7 55. Bd5 Bg3 56. Bxc6 Kg6 57. Bg5 h6 58. Be4+ Kh5 59. Bd8 Bxh4 60.
Bxh4 Kxh4 61. Kc4 Kg4 62. Kb4 Kf4 63. Ba8 h5 64. Kxa4 h4 65. Kb5 Ke5 66. a4 Kd6
67. Bh1 Kc7 68. a5 Kb8 69. Kb6 h3 70. a6 h2 71. a7+ Kc8 72. a8=Q+ Kd7 73. Qg2
Kd6 74. Qxh2+ 1-0

[Event "Women's Speed Chess Q5"]
[Site "chess.com INT"]
[Date "2021.06.04"]
[Round "6"]
[White "Dordzhieva, Dinara"]
[Black "Kotepalli, Sai Nirupama"]
[Result "0-1"]
[WhiteTitle "WGM"]
[BlackTitle "WFM"]
[WhiteElo "2311"]
[BlackElo "1914"]
[WhiteFideId "24157570"]
[BlackFideId "5039444"]
[EventDate "2021.06.04"]

1. d4 g6 2. c4 Bg7 3. Nf3 e6 4. Nc3 Ne7 5. g3 O-O 6. Bg2 d5 7. O-O b6 8. cxd5
exd5 9. Ne5 Bb7 10. Bf4 c6 11. e4 dxe4 12. Nxe4 Nf5 13. Be3 Nd7 14. Nf3 c5 15.
d5 Nf6 16. Nxf6+ Bxf6 17. Ne1 Bxb2 18. Rb1 Bd4 19. Nc2 Bxd5 20. Bxd4 Nxd4 21.
Nxd4 Bxg2 22. Ne6 fxe6 23. Kxg2 Qd5+ 24. Kg1 Qxa2 25. Qd7 Rf7 26. Qc6 Raf8 27.
f4 Qd5 28. Qa4 Qd4+ 29. Qxd4 cxd4 30. Rfd1 Rd7 31. Rd3 Rfd8 32. Kf2 Kf7 33. Kf3
Rc7 34. Rbd1 Rc4 35. Ke4 a5 36. Rb1 Rb4 37. Rc1 Kf6 38. g4 h6 39. Rc7 g5 40. Rh7
Kg6 41. Re7 gxf4 42. Rxe6+ Kg7 43. Kxf4 Rd7 44. h4 a4 45. Ke4 b5 46. Rb6 Rb1 47.
g5 hxg5 48. hxg5 b4 49. Kf5 Rf1+ 50. Kg4 b3 51. Rb4 Ra1 52. Kf5 Rf7+ 53. Kg4
Rg1+ 54. Kh5 Rf2 55. Rb7+ Rf7 56. Rb4 a3 57. Rbxb3 a2 58. Ra3 a1=Q 59. Rxa1 Rxa1
60. Rxd4 Rg1 61. Rd6 Rf2 62. Rd7+ Rf7 63. Rd6 Rh1+ 64. Kg4 Kf8 65. Rd8+ Ke7 66.
Ra8 Rg1+ 67. Kh5 Rg7 68. Ra7+ Kf8 69. Ra8+ Kf7 70. Ra7+ Kg8 71. Ra8+ Kh7 72. Ra5
Rd7 73. Rf5 Rd2 74. Rf7+ Kg8 75. Kg6 Rxg5+ 76. Kxg5 Kxf7 77. Kf5 Rd6 78. Ke5 Ke7
79. Kf5 Re6 80. Kg5 Rf6 81. Kg4 Ke6 82. Kg5 Ke5 83. Kg4 Rf8 84. Kg5 Rg8+ 85. Kh4
Kf5 86. Kh5 Rh8# 0-1

[Event "Women's Speed Chess Q5"]
[Site "chess.com INT"]
[Date "2021.06.04"]
[Round "6"]
[White "Grigoryan, Meri"]
[Black "Nguyen, Hong Ngoc"]
[Result "1-0"]
[WhiteTitle "WFM"]
[BlackTitle "WCM"]
[WhiteElo "2044"]
[BlackElo "1957"]
[WhiteFideId "13300571"]
[BlackFideId "12403083"]
[EventDate "2021.06.04"]

1. d4 d5 2. c4 c6 3. cxd5 cxd5 4. Nc3 Nf6 5. Nf3 Nc6 6. Bf4 a6 7. e3 g6 8. Rc1
Bg7 9. Be2 Qb6 10. b3 Bd7 11. O-O O-O 12. Na4 Qd8 13. Nc5 b5 14. Ne5 Nxe5 15.
dxe5 Ne4 16. Qxd5 Nxc5 17. Rxc5 Be6 18. Qd1 Qb6 19. Qc2 Rac8 20. Rc1 Rxc5 21.
Qxc5 Qa5 22. a4 Qd2 23. Bf1 Bxb3 24. axb5 axb5 25. Bxb5 Rd8 26. g3 Be6 27. e4
Qa5 28. Qxe7 Bf8 29. Qb7 Qa3 30. Bf1 Qb2 31. Qc7 Ra8 32. Qc2 Qb6 33. Rb1 Qd4 34.
Qd3 Qc5 35. Rc1 Qb6 36. Be3 Qa5 37. Bd4 Rd8 38. Qc3 Qa4 39. Be3 Qxe4 40. Bg2 Qa4
41. Ra1 Rd1+ 42. Rxd1 Qxd1+ 43. Bf1 Bg7 44. Bf4 Qd5 45. Qd3 Qa8 46. Qd6 Bf8 47.
Qd4 Qa5 48. h4 Bc5 49. Qe4 Qa1 50. Qe2 Kg7 51. Kh2 Qd4 52. Kg1 Bc4 53. Qe1 Be6
54. Bg2 Bb4 55. Qe4 Qd1+ 56. Kh2 Be7 57. Qf3 Qc2 58. Kg1 Bc5 59. Be3 Be7 60. Bf4
Qb1+ 61. Kh2 Qb5 62. Qe4 h5 63. Bg5 Bxg5 64. hxg5 Qb2 65. Qf4 Qc2 66. Qf6+ Kg8
67. Qd8+ Kh7 68. Qf6 Qd2 69. Bh3 Qd5 70. Bxe6 fxe6 71. Qf7+ Kh8 72. Qxg6 Qxe5
73. Qxh5+ Kg7 74. Qh6+ Kg8 75. Qg6+ Kf8 76. Qf6+ Qxf6 77. gxf6 Kf7 78. Kh3 Kxf6
79. Kg4 Kg6 80. Kf4 Kf6 81. g4 Kg6 82. f3 Kf6 83. g5+ Kg6 84. Kg4 e5 85. Kh4 Kf5
86. Kh5 Kf4 87. g6 Kxf3 88. g7 e4 89. g8=Q e3 90. Qg1 e2 91. Qe1 Ke3 92. Kg4 Kd3
93. Kf3 1-0

[Event "Women's Speed Chess Q5"]
[Site "chess.com INT"]
[Date "2021.06.04"]
[Round "6"]
[White "Von Herman, Brigitte"]
[Black "Skuhala, Barbara"]
[Result "0-1"]
[WhiteTitle "WFM"]
[BlackTitle "WFM"]
[WhiteElo "1991"]
[BlackElo "2077"]
[WhiteFideId "4628730"]
[BlackFideId "14605465"]
[EventDate "2021.06.04"]

1. e4 c5 2. c3 d5 3. exd5 Qxd5 4. d4 e6 5. Nf3 Nf6 6. Bd3 cxd4 7. cxd4 Bb4+ 8.
Nc3 O-O 9. O-O Bxc3 10. bxc3 b6 11. Re1 Ba6 12. Bc2 Bb7 13. Qd3 Nbd7 14. Bf4
Rac8 15. Bd2 Rfd8 16. h3 a6 17. Qe3 b5 18. Qf4 Nf8 19. Bb3 Qc6 20. Rac1 Ng6 21.
Qg3 a5 22. a3 a4 23. Ba2 Qd6 24. Ne5 Qxa3 25. Bb1 Qd6 26. h4 Ne7 27. Qg5 Qd5 28.
f3 a3 29. h5 h6 30. Qh4 a2 31. Bd3 b4 32. Bxh6 bxc3 33. Qg5 Ne8 34. Qxe7 Rc7 35.
Qh4 Qxd4+ 36. Qxd4 Rxd4 37. Be3 Rb4 38. Ra1 Bd5 39. Be4 Nf6 40. Bxd5 Nxd5 41.
Rxa2 Nxe3 42. Rxe3 c2 43. Rxc2 Rxc2 44. Nd3 Rb3 45. Ne1 Rxe3 46. Nxc2 Re5 47. g4
Re2 48. Nd4 Rd2 49. Nc6 Kh7 50. Ne5 Kh6 51. Nxf7+ Kh7 52. Ne5 Kh6 53. Nf7+ Kh7
54. Ne5 Kg8 55. Ng6 Kf7 56. Ne5+ Kf6 57. Ng6 Kg5 58. Kf1 Ra2 59. Ke1 Rb2 60. Kf1
Kf6 61. Ke1 Kf7 62. Kf1 Ke8 63. Ke1 Kf7 64. Kf1 Ra2 65. Ke1 Kf6 66. Kf1 e5 67.
Ke1 e4 68. fxe4 Ra4 69. Kf2 Rxe4 70. Kg3 Ra4 71. Kh4 Ra1 72. Nh8 Rh1+ 73. Kg3
Ke5 74. Ng6+ Ke4 75. Ne7 Ke5 76. Ng6+ Kf6 77. Nh8 Ra1 78. Ng6 Kg5 79. Nf8 Ra3+
80. Kf2 Kxg4 81. Ne6 Ra7 82. Nd4 Kxh5 83. Ne6 g5 84. Kg3 Ra3+ 0-1

[Event "Women's Speed Chess Q5"]
[Site "chess.com INT"]
[Date "2021.06.04"]
[Round "6"]
[White "Rakshitta, Ravi"]
[Black "Sikorova, Olga"]
[Result "1/2-1/2"]
[WhiteTitle "WIM"]
[BlackTitle "WGM"]
[WhiteElo "2190"]
[BlackElo "2215"]
[WhiteFideId "25073230"]
[BlackFideId "307033"]
[EventDate "2021.06.04"]

1. e4 e6 2. d4 d5 3. Nc3 Bb4 4. exd5 exd5 5. Bd3 Nf6 6. Ne2 O-O 7. O-O Bg4 8. f3
Bh5 9. Nf4 Bxc3 10. bxc3 Bg6 11. Nxg6 hxg6 12. Bg5 Qd6 13. f4 Nbd7 14. f5 Ne4
15. Bf4 Qc6 16. Bxe4 dxe4 17. d5 Qxc3 18. fxg6 fxg6 19. Qg4 Nf6 20. Qe6+ Kh7 21.
Rae1 Rae8 22. Qh3+ Qxh3 23. gxh3 Nxd5 24. Bg3 Rf5 25. c4 Nc3 26. Re3 Rxf1+ 27.
Kxf1 Rf8+ 28. Ke1 Rf3 29. Kd2 Rxe3 30. Kxe3 Nxa2 31. Be1 Nc1 32. Kxe4 Nb3 33.
Kd5 a5 34. c5 a4 35. Kc4 Kh6 36. Kb4 Kg5 37. Bf2 Nd2 38. Kxa4 Ne4 39. Bd4 Kh4
40. Bxg7 Nxc5+ 41. Kb5 Nd7 42. Kc4 Kxh3 43. Kd5 Kxh2 44. Ke6 Nc5+ 45. Kd5 Nd3
46. Ke4 Nf2+ 47. Kf3 Nh3 48. Be5+ Kg1 49. Bxc7 b5 50. Bb6+ Kf1 51. Kg4 Nf2+ 52.
Kg5 b4 53. Kxg6 b3 54. Bd4 Ke2 55. Kf5 Kd3 56. Ba1 Ne4 57. Ke5 Nc3 58. Kd6 Kc4
59. Ke5 Kd3 60. Kd6 Kc2 61. Kc5 Na2 62. Kc4 Nc1 63. Bf6 Kb1 64. Bg7 Ka2 65. Bf6
Ne2 66. Be5 Nf4 67. Bg7 Ne6 68. Be5 Nd8 69. Bf6 Nc6 70. Bh8 Na5+ 71. Kb4 Nc6+
72. Kc4 Ka3 73. Bg7 Na5+ 74. Kd3 Ka2 75. Bf6 Kb1 76. Kc3 Ka2 77. Kb4 Nc6+ 78.
Kc4 Ne7 79. Bh8 Nf5 80. Bf6 Ne3+ 81. Kd3 Nd1 82. Bg7 Kb1 83. Kc4 Kc2 84. Bh8
Nb2+ 85. Kb4 Nd3+ 86. Kc4 b2 87. Bxb2 1/2-1/2

[Event "Women's Speed Chess Q5"]
[Site "chess.com INT"]
[Date "2021.06.04"]
[Round "7"]
[White "Balabayeva, Xeniya"]
[Black "Zaichenko, Daria"]
[Result "1-0"]
[WhiteTitle "WFM"]
[BlackTitle "WFM"]
[WhiteElo "2116"]
[BlackElo "2104"]
[WhiteFideId "13719688"]
[BlackFideId "4197453"]
[EventDate "2021.06.04"]

1. e4 c5 2. Nf3 Nc6 3. Bb5 d6 4. O-O Bd7 5. c3 e5 6. d4 cxd4 7. cxd4 exd4 8.
Nxd4 Nxd4 9. Bxd7+ Qxd7 10. Qxd4 Nf6 11. Nc3 Be7 12. Bf4 O-O 13. Rad1 Rad8 14.
Qxa7 Qg4 15. Bg3 h5 16. h3 Qc8 17. Qd4 Nh7 18. Nd5 Bf6 19. Qd2 Be5 20. Ne7+ Kh8
21. Nxc8 1-0

[Event "Women's Speed Chess Q5"]
[Site "chess.com INT"]
[Date "2021.06.04"]
[Round "7"]
[White "Von Herman, Brigitte"]
[Black "Rakshitta, Ravi"]
[Result "0-1"]
[WhiteTitle "WFM"]
[BlackTitle "WIM"]
[WhiteElo "1991"]
[BlackElo "2190"]
[WhiteFideId "4628730"]
[BlackFideId "25073230"]
[EventDate "2021.06.04"]

1. e4 e5 2. Nf3 Nc6 3. Bc4 Bc5 4. d3 Nf6 5. c3 O-O 6. O-O d5 7. exd5 Nxd5 8. h3
Nb6 9. Bb3 Bd6 10. Re1 Kh8 11. a4 a5 12. Nbd2 f5 13. Nc4 Nxc4 14. Bxc4 Qf6 15.
Qe2 Be6 16. Bxe6 Qxe6 17. Bf4 Rae8 18. d4 e4 19. Bxd6 Qxd6 20. Nd2 Ne7 21. Nc4
Qd5 22. Ne5 Nc6 23. Qc4 Rxe5 24. Qxd5 Rxd5 0-1

[Event "Women's Speed Chess Q5"]
[Site "chess.com INT"]
[Date "2021.06.04"]
[Round "7"]
[White "Obregon Garcia, Roxangel"]
[Black "Franco Valencia, Angela"]
[Result "1-0"]
[WhiteTitle "WIM"]
[BlackTitle "WIM"]
[WhiteElo "2167"]
[BlackElo "2089"]
[WhiteFideId "3520420"]
[BlackFideId "4403070"]
[EventDate "2021.06.04"]

1. e4 e5 2. Nf3 Nc6 3. Bb5 a6 4. Ba4 d6 5. O-O Bd7 6. d3 g6 7. c3 Bg7 8. d4 Nge7
9. Bg5 h6 10. Bh4 g5 11. Bg3 exd4 12. Nxd4 Nxd4 13. Bxd7+ Qxd7 14. cxd4 Ng6 15.
Nc3 h5 16. f3 h4 17. Bf2 Nf4 18. Be3 h3 19. g3 Ne6 20. Qd2 c6 21. Rad1 Rd8 22.
d5 Nc5 23. Bxg5 f6 24. Bf4 f5 25. dxc6 bxc6 26. Bg5 Rb8 27. exf5 Qxf5 28. Qxd6
Rxb2 29. Qe7# 1-0

[Event "Women's Speed Chess Q5"]
[Site "chess.com INT"]
[Date "2021.06.04"]
[Round "7"]
[White "Antolak, Julia"]
[Black "Frayna, Janelle Mae"]
[Result "0-1"]
[WhiteTitle "WIM"]
[BlackTitle "WGM"]
[WhiteElo "2309"]
[BlackElo "2179"]
[WhiteFideId "1159569"]
[BlackFideId "5212499"]
[EventDate "2021.06.04"]

1. e4 Nf6 2. e5 Nd5 3. Nc3 e6 4. Nf3 Be7 5. Bc4 Nb6 6. Bb3 d5 7. exd6 cxd6 8. d3
O-O 9. Be3 Nc6 10. Qe2 d5 11. d4 Na5 12. O-O Nbc4 13. Bc1 Bf6 14. Rd1 b6 15.
Bxc4 Nxc4 16. b3 Nd6 17. Ba3 Re8 18. Qd2 a5 19. Ne2 Ba6 20. Nf4 Rc8 21. Bxd6
Qxd6 22. Nd3 Qc6 23. Rac1 Qc3 24. Qxc3 Rxc3 25. Nb2 Rec8 26. Rd2 b5 27. Nd1 R3c7
28. Ne3 b4 29. g3 h6 30. Kg2 g5 31. h3 Kg7 32. Ng4 Be7 33. Ne3 f5 34. Nd1 h5 35.
Nb2 g4 36. Ne5 Bg5 0-1

[Event "Women's Speed Chess Q5"]
[Site "chess.com INT"]
[Date "2021.06.04"]
[Round "7"]
[White "Skuhala, Barbara"]
[Black "Gevorgyan, Maria"]
[Result "0-1"]
[WhiteTitle "WFM"]
[BlackTitle "WGM"]
[WhiteElo "2077"]
[BlackElo "2219"]
[WhiteFideId "14605465"]
[BlackFideId "13300270"]
[EventDate "2021.06.04"]

1. e4 c5 2. Nf3 Nc6 3. g3 g6 4. Bg2 Bg7 5. O-O e6 6. Re1 Nge7 7. c3 d5 8. exd5
exd5 9. d4 cxd4 10. cxd4 O-O 11. Nc3 Bg4 12. Be3 Rc8 13. Rc1 Qb6 14. b3 Rfd8 15.
h3 Be6 16. Na4 Qb4 17. Nc5 Bf5 18. g4 Be4 19. h4 b6 20. Na4 Bxf3 21. Bxf3 Nxd4
22. Bxd4 Rxc1 23. Qxc1 Bxd4 24. Rd1 b5 25. Nb2 Bb6 26. Nd3 Qd6 27. h5 Qg3+ 28.
Bg2 Qxg4 29. hxg6 Nxg6 30. Rd2 Nh4 31. Ne1 Re8 0-1

[Event "Women's Speed Chess Q5"]
[Site "chess.com INT"]
[Date "2021.06.04"]
[Round "7"]
[White "Zawadzka, Jolanta"]
[Black "Doluhanova, Evgeniya"]
[Result "0-1"]
[WhiteTitle "WGM"]
[BlackTitle "WGM"]
[WhiteElo "2403"]
[BlackElo "2192"]
[WhiteFideId "1122320"]
[BlackFideId "14112035"]
[EventDate "2021.06.04"]

1. e4 e5 2. Nf3 Nc6 3. d4 exd4 4. Nxd4 Nxd4 5. Qxd4 Qf6 6. Be3 Qxd4 7. Bxd4 Ne7
8. Nc3 Nc6 9. Be3 Bb4 10. Kd2 Ne5 11. a3 Bxc3+ 12. Kxc3 O-O 13. Be2 d6 14. h3
Re8 15. Rad1 Bd7 16. f4 Ng6 17. e5 Bc6 18. Rhg1 dxe5 19. f5 Nf4 20. Bxf4 exf4
21. Bd3 g5 22. Rdf1 Re3 23. h4 h6 24. hxg5 hxg5 25. Kd2 Kg7 26. g3 Rxg3 27. Rxg3
fxg3 28. f6+ Kh6 29. Rg1 g2 30. Ke3 Re8+ 31. Kf2 Re6 32. Kg3 Rxf6 33. b4 a6 34.
Re1 Rf3+ 35. Kh2 g4 36. Re7 Rf1 0-1

[Event "Women's Speed Chess Q5"]
[Site "chess.com INT"]
[Date "2021.06.04"]
[Round "7"]
[White "Farhat Willemstein, Stela Souza"]
[Black "Berend, Elvira"]
[Result "0-1"]
[WhiteTitle "WFM"]
[BlackTitle "WGM"]
[WhiteElo "1758"]
[BlackElo "2326"]
[WhiteFideId "2109808"]
[BlackFideId "4000510"]
[EventDate "2021.06.04"]

1. d4 Nf6 2. c4 e6 3. Nf3 Bb4+ 4. Nbd2 c5 5. a3 Bxd2+ 6. Qxd2 b6 7. dxc5 bxc5 8.
Qg5 O-O 9. Qxc5 Bb7 10. Bg5 d6 11. Qb4 Be4 12. O-O-O d5 13. cxd5 exd5 14. e3 Nc6
15. Qc3 Rc8 16. Bxf6 gxf6 17. Kd2 Ne5 18. Qd4 Bxf3 19. Ke1 Bxd1 20. Kxd1 Qc7 21.
Qc3 Qxc3 22. bxc3 Rxc3 23. Ke2 Rc2+ 24. Kd1 Rxf2 25. Be2 Rb8 26. Re1 Rb2 27. Bf3
Rfd2+ 28. Kc1 Nd3# 0-1

[Event "Women's Speed Chess Q5"]
[Site "chess.com INT"]
[Date "2021.06.04"]
[Round "7"]
[White "Tsolakidou, Stavroula"]
[Black "Arpita, Mukherjee"]
[Result "1-0"]
[WhiteTitle "IM"]
[BlackTitle "WIM"]
[WhiteElo "2379"]
[BlackElo "2206"]
[WhiteFideId "4264312"]
[BlackFideId "5056403"]
[EventDate "2021.06.04"]

1. d4 Nf6 2. c4 g6 3. Nc3 Bg7 4. e4 d6 5. Be2 O-O 6. Bg5 c5 7. d5 h6 8. Be3 Qb6
9. Rb1 e5 10. g4 Ne8 11. Qd2 Kh7 12. h4 Qd8 13. h5 g5 14. f3 a6 15. Nh3 Bf6 16.
O-O Bd7 17. a3 Ng7 18. Nf2 a5 19. b4 axb4 20. axb4 b6 21. Nd3 Na6 22. Rb2 Qc7
23. Rfb1 Ra7 24. bxc5 bxc5 25. Nb5 Bxb5 26. cxb5 c4 27. b6 Qd7 28. bxa7 cxd3 29.
Bxd3 Nc7 30. Rb8 Na8 31. Rxf8 1-0

[Event "Women's Speed Chess Q5"]
[Site "chess.com INT"]
[Date "2021.06.04"]
[Round "7"]
[White "Smietanska, Wiktoria"]
[Black "Mohota, Nisha"]
[Result "1/2-1/2"]
[WhiteTitle "CM"]
[BlackTitle "IM"]
[WhiteElo "1802"]
[BlackElo "2195"]
[WhiteFideId "21869359"]
[BlackFideId "5004330"]
[EventDate "2021.06.04"]

1. c4 e5 2. Nc3 Nf6 3. Nf3 Nc6 4. e4 Bb4 5. d3 d6 6. a3 Bxc3+ 7. bxc3 O-O 8. g3
Ne8 9. Bg2 f5 10. Nd2 f4 11. O-O Nf6 12. Nb3 Bg4 13. f3 Bd7 14. gxf4 Nh5 15. f5
g6 16. fxg6 hxg6 17. Qd2 Nf4 18. Qd1 Qg5 19. Bxf4 Rxf4 20. Qe1 Bh3 21. Qg3 Qxg3
22. hxg3 Bxg2 23. Kxg2 Rf6 24. f4 Raf8 25. fxe5 Nxe5 26. Rxf6 Rxf6 27. Rd1 Rf3
28. Nc1 Rf6 29. Ne2 Ng4 30. Kg1 Rf2 31. Re1 Rf3 32. Rd1 Ne3 33. Rc1 Ng4 34. Rd1
Ne3 35. Rc1 Ng4 36. Rd1 1/2-1/2